logo

Bir Sreshtho Munshi Abdur Rouf Library
Jhenaidah Cadet College

English Prose for The Young (For Classes XI-XII) / (Record no. 4635)

MARC details
000 -LEADER
fixed length control field 00735nam a2200241 a 4500
001 - CONTROL NUMBER
JCCL Control Number 4635
003 - CONTROL NUMBER IDENTIFIER
JCCL marc code BD-JhCC
005 - DATE AND TIME OF LATEST TRANSACTION
control field 20171129194226.0
008 - FIXED-LENGTH DATA ELEMENTS--GENERAL INFORMATION
fixed length control field 171129s19651969bg |||| ||a| 000 0 eng d
035 ## - SYSTEM CONTROL NUMBER
system control number (BD-JhCC)4635
040 ## - CATALOGING SOURCE
Original cataloging agency BD-JhCC
Modifying agency BD-JhCC
041 ## - LANGUAGE CODE
Language code of Book eng
082 ## - DEWEY DECIMAL CLASSIFICATION NUMBER
Classification number 425
Author mark and Year HUS 1965
100 ## - MAIN ENTRY--PERSONAL NAME
Personal name Husain, Syed Sajjad
245 ## - TITLE STATEMENT
Title English Prose for The Young (For Classes XI-XII) /
Statement of responsibility, etc Syed Sajjad Husain; Jalaluddin Ahmed; Syed Rafiquddin Ahmed
260 ## - PUBLICATION, DISTRIBUTION, ETC. (IMPRINT)
Place of publication, distribution, etc East Pakistan :
Name of publisher, distributor, etc Boards of Intermediate and Secondary Education,
Date of publication, distribution, etc 1965.
300 ## - PHYSICAL DESCRIPTION
Pagination 228 p. :
Dimensions 21 cm.
650 ## - SUBJECT ADDED ENTRY--TOPICAL TERM
Topical term or geographic name as entry element English Languages
General subdivision Grammar
700 ## - ADDED ENTRY--PERSONAL NAME
Personal name Ahmed, Jalaluddin
700 ## - ADDED ENTRY--PERSONAL NAME
Personal name Ahmed, Syed Rafiquddin
942 ## - ADDED ENTRY ELEMENTS (KOHA)
Source of classification or shelving scheme Dewey Decimal Classification
Koha item type Books
Holdings
Source of classification or shelving scheme Damaged status Not for loan Home library Current library Shelving location Date of accession Cost, normal purchase price Total Checkouts Full call number Barcode Date last seen Copy number Koha item type
Dewey Decimal Classification     JCC Rouf Library JCC Rouf Library General Stacks 11/29/2017 1.80   425 HUS 1965 6527 11/29/2017 C-1 Books

JCC Library | Contacts | JCC Home

Last Update on 23 September 2017
Copyright @ 2017-2020 JCC Rouf Library
Rouf Library, Jhenidah Cadet College (JCC), Bangladesh